000 00546nam a2200193Ia 4500
005 20250508165823.0
008 008 250505s9999 xx 000 0 eng d
037 _aDissertations
040 _aFEDL
_beng
_cFEDL
041 _aeng
_2eng
084 _a372, KUJ/DI
_qFEDL
100 _aKujur Ruchi
_9782069
245 0 _aStudy of elementary education in South Asian countries
260 _c2017
300 _a88p.
546 _aM.Ed. Dissertation, (Delhi University)
942 _cDIS
_h372, KUJ/DI
999 _c1397659
_d1397659